Quiz Le Corbusier - Statistiques

Statistiques générales
  • Ce quiz a été pris 41 fois
  • Le résultat moyen est 6 sur 17
Statistiques - réponses
Hint Réponse % Correct
Matériau de prédilection de Le Corbusier Béton
82%
Oeuvres célèbres respectant ces 5 points La cité radieuse
70%
Echelle de proportion inventée par Le Corbusier pour adapter son architecture à la morphologie humaine Le Modulor
58%
Nom complet Charles-Edouard Jeanneret
55%
La villa Savoye
45%
Les 5 points d'une architecture nouvelle selon Le Corbusier Les pilotis
45%
Le plan libre
42%
Les fenêtres
36%
La façade libre
30%
Le toit-terrasse
30%
Architecte et designer française Charlotte Perriand
27%
Mouvement artistique s'opposant au cubisme crée par Le Corbusier et un peintre français Purisme
24%
Nom donné aux immeubles de logements emblématiques de Le Corbusier unité d'habitation
24%
Architecte autodidacte Jean Prouvé
9%
Peintre français Amédée Ozenfant
6%
Mouvement architectural de Le Corbusier Architecture moderne
3%
Le couvent de la Tourette
0%
Aucun quiz correspondant
Distribution des résultats
% des personnes avec chaque résultat
Percentile par nombre de réponses
Votre historique - résultats
Vous n’avez pas pris ce quiz